Score 0/15 Timer 05:00
0 Plays Today
% Correct
Sons of Anarchy
93.8%
It's Always Sunny in Philadelphia
87.7%
Archer
82.6%
Louie
74.5%
The Shield
56.4%
The Americans
56.4%
Fargo
54.2%
Justified
54.1%
% Correct
Nip/Tuck
52.2%
Wilfred
50.4%
Rescue Me
48.3%
The League
47.4%
American Horror Story
36%
Damages
34.9%
The Strain
18.1%
Remove Ads.
Support Sporcle.
Get the best of Sporcle when you Go Orange. This ad-free experience offers more features, more stats, and more fun while also helping to support Sporcle. Thank you for becoming a member.

You're not logged in!

Compare scores with friends on all Sporcle quizzes.
OR
Log In

Sporcle TV

Today on Sporcle TV


Watch our educational content, quiz creation guides, and fun videos on Sporcle TV.

Show Comments

Extras

Top Quizzes Today


Score Distribution

Paid Content

Your Account Isn't Verified!

In order to create a playlist on Sporcle, you need to verify the email address you used during registration. Go to your Sporcle Settings to finish the process.

Report this User

Report this user for behavior that violates our Community Guidelines.

Details: